اكتمل التصدير — 

Da Oriente e da Occidente : genti e luoghi nelle antiche fotografie della Biblioteca Vallicelliana /

محفوظ في:

مؤلفون مشاركون: Italy. Ufficio centrale per i beni librari, le istituzioni culturali e l'editoria., Biblioteca vallicelliana.

مؤلفون آخرون: Manodori, Alberto.

التنسيق: كتاب

اللغة: Italian

منشور في: Roma : Retablo, c2000.

الموضوعات:

الوسوم: إضافة وسم

لا توجد وسوم, كن أول من يضع وسما على هذه التسجيلة!

رقم الطلب: ( L )TR820.5 .O83 2000

LEADER 01147nam a2200265Ia 4500
003 OSt
005 20240624070701.0
008 010115s2000 it a bc 000 0 ita d
952 |0 0  |1 0  |2 lcc  |4 0  |7 1  |9 43763  |a ARCE  |b ARCE  |d 2022-11-24  |l 0  |o ( L )TR820.5 .O83 2000  |p 1025572  |r 2022-11-24 00:00:00  |w 2022-11-24  |y BK 
999 |c 50220  |d 50220 
040 |c ARCE Library 
050 4 |a ( L )TR820.5 .O83 2000 
245 0 0 |a Da Oriente e da Occidente :   |b genti e luoghi nelle antiche fotografie della Biblioteca Vallicelliana /   |c a cura di Alberto Manodori. 
264 1 |a Roma :   |b Retablo,   |c c2000. 
300 |a 390 p. :   |b mostly ill. ;   |c 24 x 28 cm. 
500 |a Exhibition catalogue, Rome, Biblioteca Vallicelliana, 2000. 
504 |a Includes bibliographical references (p. 390) 
650 0 |a Documentary photography -- Exhibitions. 
650 0 |a Photography -- Early works to 1900 -- Exhibitions. 
650 |a Photography -- History -- Exhibitions. 
700 1 |a Manodori, Alberto. 
710 1 |a Italy. Ufficio centrale per i beni librari, le istituzioni culturali e l'editoria. 
710 1 |a Biblioteca vallicelliana.  
901 |a reviewed 
942 |2 lcc  |c BK